| 000 | 00578nam a22002057a 4500 | ||
|---|---|---|---|
| 001 | 12718 | ||
| 003 | BD-RjUL | ||
| 005 | 20211208235338.0 | ||
| 008 | 140129s1978 bg ||| |||| 000 0 eng d | ||
| 035 | _a(BD-RjUL)12768 | ||
| 040 |
_aBD-RjUL _beng _cBD-RjUL |
||
| 041 | _aeng | ||
| 082 | 0 | 4 |
_222 _a515.5 _bFAI 1978 |
| 100 |
_aFarid, Syed Md. _9249550 |
||
| 245 | 0 | 3 |
_aAn Introduction to Vectors and Special Functions / _cSyed Md. Farid. |
| 260 |
_aDhaka : _bAli Publications, _c1978 |
||
| 300 |
_a180,154p. ; _c21cm. |
||
| 650 | 0 |
_a Functions, Special. _922142 |
|
| 942 |
_2ddc _cBK |
||
| 999 |
_c12718 _d12718 |
||